| 000 | 01073nam a2200361Ia 4500 | ||
|---|---|---|---|
| 005 | 20251020182542.0 | ||
| 008 | 200515s9999 xx 000 0 und d | ||
| 082 | _a741:693/H76 | ||
| 100 | _aHORNBOSTEL, Caleb | ||
| 245 | 0 | _aMateriales para la construcción : tipo, usos y aplicaciones | |
| 260 | _aMéxico, D.F. | ||
| 260 | _c2000 | ||
| 300 | _a1021 | ||
| 500 | _a1 ejemplar | ||
| 520 | _aConstituye la mejor referencia acerca de los diferentes materiales utilizados en la industria de la construcción. Reúne en un solo volumen valiosa información que anteriormente se encontraba dispersa en múltiples libros, revistas especializadas, catálogos | ||
| 650 | _aABRASIVOS | ||
| 650 | _aACERO | ||
| 650 | _aACIDOS | ||
| 650 | _aAGREGADOS | ||
| 650 | _aAGUA | ||
| 650 | _aALUMINIO | ||
| 650 | _aARCILLA | ||
| 650 | _aASFALTO | ||
| 650 | _aCEMENTO | ||
| 650 | _aCLAVOS | ||
| 650 | _aCUBIERTAS | ||
| 650 | _aLADRILLOS | ||
| 650 | _aLAMINADOS | ||
| 650 | _aLIB | ||
| 650 | _aLOSETAS | ||
| 650 | _aMATERIALES DE CONSTRUCCION | ||
| 942 | _cLIB | ||
| 999 |
_c2433 _d2433 |
||